| 000 | 00917nas a2200265 i 4500 | ||
|---|---|---|---|
| 003 | DO-SdBNP | ||
| 005 | 20251217114158.0 | ||
| 007 | ta | ||
| 008 | 251208e1961 mx f||||r||||||0| | spa d | ||
| 040 |
_aDO-SdBNP _bspa _cBNPHU _erda |
||
| 041 | _aspa | ||
| 245 |
_aFolklore Americas / _ceditado por: Ralph Steele Boggs. |
||
| 264 |
_aMéxico : _b[editor no identificado], _c1961. |
||
| 300 |
_avolumen ; _c25 cm. |
||
| 336 |
_atexto _btxt _2rdacontent |
||
| 337 |
_asin mediación _bn _2rdamedia |
||
| 338 |
_avolumen _bnc _2rdacarrier |
||
| 362 | _aVolumen 21, no. 1-2, june-december 1961. | ||
| 500 | _aEditor: Ralph Steele Boggs. | ||
| 500 | _aEste recurso está en versión en inglés y español. | ||
| 650 | 0 |
_aFolklore _vPublicaciones periódicas _zAmerica _941452 |
|
| 651 | 0 |
_aAmerica _vPublicaciones periódicas _918325 |
|
| 700 |
_aBoggs, Ralph Steele, _d1901-1994. _988851 _eeditor |
||
| 942 |
_2ddc _cISSUE |
||
| 999 |
_c60094 _d60094 |
||